[Event "4th Essent op"]
[Site "Hoogeveen NED"]
[Date "2000.10.21"]
[Round "9.4"]
[White "Cifuentes Parada, Roberto"]
[Black "Ernst, Sipke"]
[Result "1/2-1/2"]
[WhiteElo "2490"]
[BlackElo "2373"]
[EventDate "2000.10.13"]
[PlyCount "123"]

1.d4 Nf6 2.c4 g6 3.Nc3 d5 4.Nf3 Bg7 5.e3 O-O 6.Be2 c5 7.dxc5 Qa5 8.O-O 
dxc4 9.Bxc4 Qxc5 10.Qe2 Nc6 11.e4 Bg4 12.Be3 Qa5 13.h3 Bxf3 14.Qxf3 Ne5 
15.Qe2 Nxc4 16.Qxc4 Ne8 17.Qb3 Nd6 18.Rac1 Rfc8 19.Nd5 Rxc1 20.Rxc1 e6 21.
Ne7+ Kh8 22.Bc5 Qc7 23.Qg3 Rd8 24.Qf4 Qxe7 25.e5 Bxe5 26.Qxe5+ f6 27.Qd4 
e5 28.Qd5 Qc7 29.Be3 Qe7 30.Bc5 Qc7 31.Qe6 Kg7 32.Be3 Qd7 33.Qxd7+ Rxd7 
34.Bxa7 Kf7 35.Bb6 Ke6 36.Kf1 Ne4 37.f3 Ng3+ 38.Ke1 Nh5 39.Be3 g5 40.g4 
Nf4 41.Bxf4 gxf4 42.Rc3 h5 43.Rb3 hxg4 44.hxg4 Rh7 45.a4 Kd5 46.Kf2 Kd4 
47.a5 Rh2+ 48.Kg1 Rh7 49.Kg2 Rc7 50.Kf2 Rc2+ 51.Ke1 Rc5 52.Kd2 Rxa5 53.
Rxb7 Ra1 54.Rb6 Rg1 55.Rd6+ Kc4 56.Rxf6 Rg2+ 57.Ke1 Rxb2 58.Rd6 e4 59.fxe4
Rg2 60.Rf6 Rxg4 61.Kf2 Rg3 62.Rxf4 1/2-1/2

[Event "4th Essent op"]
[Site "Hoogeveen NED"]
[Date "2000.10.21"]
[Round "9.5"]
[White "Van der Wiel, John"]
[Black "Ulybin, Mikhail"]
[Result "1-0"]
[WhiteElo "2531"]
[BlackElo "2583"]
[EventDate "2000.10.13"]
[PlyCount "119"]

1.e4 c5 2.Nf3 e6 3.d4 cxd4 4.Nxd4 Nf6 5.Nc3 d6 6.f4 Be7 7.Bb5+ Bd7 8.e5 
dxe5 9.fxe5 Nd5 10.Nxd5 exd5 11.e6 Bxb5 12.exf7+ Kxf7 13.Nxb5 Bb4+ 14.c3 
Re8+ 15.Kd2 Kg8 16.Re1 Na6 17.Rxe8+ Qxe8 18.Qe2 Qg6 19.cxb4 Nxb4 20.Kd1 
Re8 21.Be3 Nd3 22.Nd4 Nf4 23.Bxf4 Rxe2 24.Nxe2 d4 25.Kd2 d3 26.Nc3 Qxg2+ 
27.Kxd3 Qf3+ 28.Be3 Qh3 29.Ne4 Qxh2 30.Bxa7 Qxb2 31.Bd4 Qa3+ 32.Bc3 b5 33.
Rb1 Qxa2 34.Rxb5 Qa6 35.Kc4 Qc6+ 36.Nc5 g5 37.Rb7 h6 38.Be5 Kf8 39.Kd4 Ke8
40.Rc7 Qg2 41.Bd6 Qe2 42.Ne4 Kd8 43.Rb7 Qd1+ 44.Ke5 Qa1+ 45.Ke6 Qa2+ 46.
Kf6 Qd5 47.Re7 Kc8 48.Bg3 Qd4+ 49.Kf7 Qd5+ 50.Kf8 Qf5+ 51.Kg7 Kd8 52.Bd6 
g4 53.Nf6 Qb5 54.Kf8 g3 55.Re5 Qa4 56.Re8+ Qxe8+ 57.Nxe8 g2 58.Bh2 Kd7 59.
Kf7 Kc6 60.Ke6 1-0

[Event "4th Essent op"]
[Site "Hoogeveen NED"]
[Date "2000.10.21"]
[Round "9.7"]
[White "Dzhakaev, Dzhakay"]
[Black "Hommeles, Theo"]
[Result "0-1"]
[WhiteElo "2403"]
[BlackElo "2409"]
[EventDate "2000.10.13"]
[PlyCount "114"]

1.e4 g6 2.d4 Bg7 3.Nf3 d6 4.Be2 Nf6 5.Nc3 O-O 6.O-O c6 7.a4 Nbd7 8.Bf4 Qa5
9.Nd2 e5 10.Nc4 Qc7 11.dxe5 dxe5 12.Be3 Rd8 13.Qd6 Ne8 14.Qxc7 Nxc7 15.Nd6
Ne6 16.Bc4 Nb6 17.Bxe6 Rxd6 18.Bb3 Nd7 19.a5 Nf8 20.Rfd1 Rxd1+ 21.Rxd1 Ne6
22.Na4 Bf6 23.Bc4 Kf8 24.c3 Ke8 25.b4 Bd8 26.f3 Bc7 27.Kf2 Nd8 28.Rd2 Be6 
29.Bf1 Bc8 30.g3 Be6 31.Be2 Bc8 32.h4 Be6 33.Bf1 Bd7 34.Nc5 Bc8 35.Na4 Bd7
36.Be2 Bc8 37.Rd1 Be6 38.Rh1 f6 39.Rb1 Bc8 40.Rd1 Be6 41.Rd2 Ke7 42.Bc5+ 
Ke8 43.Bf1 Bb3 44.Nb2 b6 45.axb6 axb6 46.Be3 Ra2 47.b5 Be6 48.bxc6 Nxc6 
49.Bb5 Bd7 50.Bc4 Ra3 51.Bg8 Ne7 52.Bxh7 Be6 53.c4 Kf7 54.Bh6 Ra8 55.h5 g5
56.f4 exf4 57.gxf4 Bxf4 0-1

[Event "4th Essent op"]
[Site "Hoogeveen NED"]
[Date "2000.10.21"]
[Round "9.8"]
[White "Berkvens, Joost"]
[Black "Van Kooten, Luuk"]
[Result "1-0"]
[WhiteElo "2364"]
[BlackElo "2292"]
[EventDate "2000.10.13"]
[PlyCount "55"]

1.e4 c5 2.Nf3 d6 3.d4 cxd4 4.Nxd4 Nf6 5.Nc3 a6 6.Be3 e6 7.g4 h5 8.g5 Ng4 
9.Bc1 Qb6 10.h3 Ne5 11.Nb3 Nbc6 12.Be3 Qc7 13.f4 Nd7 14.Qd2 g6 15.O-O-O 
Rb8 16.Bg2 b5 17.Rhe1 Nb6 18.Nd5 exd5 19.Qc3 Na4 20.Qxh8 Nb4 21.Rd2 d4 22.
Qxd4 Nc6 23.Qf6 Be6 24.f5 Bxb3 25.axb3 Be7 26.Qg7 Ne5 27.fxg6 fxg6 28.Bd4 
1-0

[Event "4th Essent op"]
[Site "Hoogeveen NED"]
[Date "2000.10.21"]
[Round "9.11"]
[White "De Jong, Migchiel"]
[Black "Peng, Zhaoqin"]
[Result "0-1"]
[WhiteElo "2276"]
[BlackElo "2403"]
[EventDate "2000.10.13"]
[PlyCount "136"]

1.e4 e6 2.d4 d5 3.Bd3 dxe4 4.Bxe4 Nf6 5.Bf3 c5 6.Ne2 Nc6 7.Be3 Nd5 8.Bxd5 
Qxd5 9.Nbc3 Qd7 10.dxc5 Ne5 11.Qd4 f6 12.Qe4 Be7 13.O-O O-O 14.Bf4 Bxc5 
15.Bxe5 fxe5 16.Qxe5 Rf5 17.Qg3 Qe7 18.Ne4 Bb6 19.N2c3 Bd7 20.Kh1 Bc6 21.
Rae1 Raf8 22.f3 e5 23.Re2 Bd4 24.Rfe1 Qe6 25.b3 Bxc3 26.Nxc3 Rxf3 27.gxf3 
Rxf3 28.Kg1 Rxg3+ 29.hxg3 Qh3 30.Kf2 Qg2+ 31.Ke3 Qxg3+ 32.Kd2 Qf4+ 33.Re3 
h5 34.Kc1 h4 35.Kb2 Qh6 36.Ne4 h3 37.Nf2 Bg2 38.Rxe5 h2 39.Ng4 Qh4 40.Nxh2
Qxh2 41.Re8+ Kh7 42.R8e7 Qf4 43.a4 Kh6 44.R1e6+ g6 45.a5 a6 46.Re5 Bh3 47.
Re4 Qf6+ 48.c3 Bf5 49.Re2 Qc6 50.Rh2+ Kg5 51.Rhh7 Qg2+ 52.Ka3 Be4 53.Re5+ 
Kf4 54.Rc5 Qd2 55.Rh4+ Kf3 56.Rc4 Qd6+ 57.Rb4 Bf5 58.Rd4 Qc7 59.Kb2 g5 60.
Rd5 Qf7 61.Rbd4 g4 62.Rd1 g3 63.Rf1+ Kg4 64.Rd4+ Kg5 65.Rg1 Qc7 66.Rd2 Be4
67.b4 Qf4 68.Rdd1 Qf2+ 0-1

[Event "4th Essent op"]
[Site "Hoogeveen NED"]
[Date "2000.10.21"]
[Round "9.12"]
[White "Pel, Bonno"]
[Black "Van der Veen, Jan"]
[Result "1-0"]
[WhiteElo "2300"]
[BlackElo "2092"]
[EventDate "2000.10.13"]
[PlyCount "113"]

1.Nc3 d5 2.e4 dxe4 3.Nxe4 Bf5 4.Ng3 Bg6 5.Bc4 Nf6 6.Nf3 Nbd7 7.d3 e6 8.Qe2
Be7 9.a4 c6 10.O-O Qc7 11.Re1 O-O-O 12.Bd2 Kb8 13.b4 Nb6 14.Bb3 Nfd5 15.b5
cxb5 16.axb5 Nc3 17.Qe5 Qxe5 18.Rxe5 Rc8 19.Ne2 Nxe2+ 20.Rxe2 Rhd8 21.Ne5 
Nd5 22.Ba5 Nb6 23.Nc4 Bc5 24.Nxb6 Bxb6 25.Bxb6 axb6 26.Bc4 Kc7 27.Ree1 Ra8
28.Kf1 Ra5 29.Ke2 Kd6 30.Kd2 e5 31.Kc3 f6 32.Kb4 Rda8 33.Rad1 Ra4+ 34.Kc3 
Ra3+ 35.Kb2 R3a5 36.f4 exf4 37.Re6+ Kd7 38.Rxb6 Kc7 39.Re6 Re8 40.Rde1 
Rxe6 41.Rxe6 Kd7 42.Re1 Kd6 43.Kc3 Bf5 44.Rf1 g5 45.g3 Bh3 46.Rf2 fxg3 47.
hxg3 f5 48.Rh2 g4 49.Rf2 h5 50.Rxf5 h4 51.gxh4 g3 52.Rg5 g2 53.Kb2 Ra8 54.
d4 Rh8 55.Rg6+ Kc7 56.Bd5 Rxh4 57.Kc3 1-0

[Event "4th Essent op"]
[Site "Hoogeveen NED"]
[Date "2000.10.21"]
[Round "9.13"]
[White "De Weerd, Warner"]
[Black "Markus, John Raymond"]
[Result "0-1"]
[WhiteElo "2071"]
[BlackElo "2238"]
[EventDate "2000.10.13"]
[PlyCount "108"]

1.e4 e5 2.Nf3 Nc6 3.Bb5 a6 4.Ba4 Nf6 5.O-O b5 6.Bb3 Bc5 7.d3 d6 8.h3 h6 9.
c3 O-O 10.a4 Bb7 11.Na3 Re8 12.Ba2 Bxa3 13.bxa3 d5 14.exd5 Nxd5 15.Bd2 Nf6
16.Qb3 Qd7 17.c4 bxa4 18.Qc2 Nd4 19.Nxd4 exd4 20.c5 Re2 21.c6 Qxc6 22.Qxc6
Bxc6 23.Bf4 Bd5 24.Bxd5 Nxd5 25.Bg3 f5 26.f3 Rb8 27.Rac1 Rbb2 28.Rf2 Rxf2 
29.Bxf2 Nc3 30.Kf1 c5 31.Be1 Rb1 32.Bd2 Rxc1+ 33.Bxc1 Kf7 34.g4 fxg4 35.
fxg4 Ke6 36.h4 Nd5 37.Ke2 Ke5 38.Kf3 Nb6 39.h5 c4 40.Bf4+ Kd5 41.g5 hxg5 
42.Bxg5 cxd3 43.h6 gxh6 44.Bxh6 Nc4 45.Bf8 a5 46.Kf2 Nb2 47.Ke1 Ke4 48.Kd2
Nc4+ 49.Kd1 Kd5 50.Kc1 Ne3 51.Kd2 Kc4 52.Be7 Nf1+ 53.Ke1 d2+ 54.Ke2 Kc3 
0-1

[Event "4th Essent op"]
[Site "Hoogeveen NED"]
[Date "2000.10.21"]
[Round "9.16"]
[White "Archangelsky, Mikhail"]
[Black "Van Otten, Gerard J"]
[Result "1-0"]
[WhiteElo "2430"]
[BlackElo "2226"]
[EventDate "2000.10.13"]
[PlyCount "76"]

1.e4 c5 2.Nc3 Nc6 3.f4 g6 4.Nf3 Bg7 5.Be2 d6 6.d3 Nf6 7.O-O O-O 8.Qe1 Nd4 
9.Bd1 Rb8 10.Qh4 Nxf3+ 11.Bxf3 b5 12.Kh1 b4 13.Ne2 Bb7 14.f5 Qc7 15.Bh6 
Bxh6 16.Qxh6 d5 17.exd5 Bxd5 18.Nf4 Bxf3 19.Rxf3 gxf5 20.Rh3 Qe5 21.Qh4 
Rbd8 22.Re1 Qxb2 23.Nh5 Ng4 24.Qg5+ Kh8 25.Qxf5 Qc3 26.Rf1 Rg8 27.Qxf7 Nh6
28.Qf2 Ng4 29.Qf4 Qd4 30.Rg3 Qxf4 31.Rxf4 Nh6 32.Rgf3 Ng4 33.Rf7 Ne5 34.
Rxe7 Nxf3 35.gxf3 Rde8 36.Re4 Rxe4 37.fxe4 Rf8 38.Kg2 Kg8 1-0

[Event "4th Essent op"]
[Site "Hoogeveen NED"]
[Date "2000.10.21"]
[Round "9.17"]
[White "Gorecki, Zbigniew"]
[Black "Vogel, Jaap"]
[Result "0-1"]
[WhiteElo "2005"]
[BlackElo "2272"]
[EventDate "2000.10.13"]
[PlyCount "44"]

1.d4 Nf6 2.c4 e6 3.Nc3 Bb4 4.Qc2 O-O 5.a3 Bxc3+ 6.Qxc3 d6 7.h3 Nbd7 8.Bf4 
Qe7 9.Qc2 e5 10.dxe5 dxe5 11.Bd2 b6 12.e4 Bb7 13.f3 Nc5 14.h4 Rfd8 15.
O-O-O Bc6 16.Bb4 Rxd1+ 17.Qxd1 Rd8 18.Qe1 Ba4 19.Be2 a5 20.Bxc5 Qxc5 21.
Qc3 Qf2 22.b3 Qxg2 0-1